<?xml version="1.0" encoding="UTF-8"?>
<record
    xmlns:xsi="http://www.w3.org/2001/XMLSchema-instance"
    xsi:schemaLocation="http://www.loc.gov/MARC21/slim http://www.loc.gov/standards/marcxml/schema/MARC21slim.xsd"
    xmlns="http://www.loc.gov/MARC21/slim">

  <leader>01079nam a22002537a 4500</leader>
  <controlfield tag="005">20170124102936.0</controlfield>
  <datafield tag="010" ind1=" " ind2=" ">
    <subfield code="a">A-755415</subfield>
  </datafield>
  <datafield tag="020" ind1=" " ind2=" ">
    <subfield code="c">175.00</subfield>
  </datafield>
  <datafield tag="035" ind1=" " ind2=" ">
    <subfield code="a">A-755415</subfield>
  </datafield>
  <datafield tag="037" ind1=" " ind2=" ">
    <subfield code="b">Cen Lib/Ret</subfield>
  </datafield>
  <datafield tag="040" ind1=" " ind2=" ">
    <subfield code="a">DPL</subfield>
    <subfield code="b">HN</subfield>
  </datafield>
  <datafield tag="082" ind1=" " ind2=" ">
    <subfield code="a">808.3</subfield>
    <subfield code="b">&#x92A;&#x93E;&#x923;&#x94D;&#x921;&#x947;&#x92F; </subfield>
  </datafield>
  <datafield tag="100" ind1=" " ind2=" ">
    <subfield code="a">&#x92A;&#x93E;&#x923;&#x94D;&#x921;&#x947;&#x92F;, &#x907;&#x928;&#x94D;&#x926;&#x941;&#x92A;&#x94D;&#x930;&#x915;&#x93E;&#x936;  </subfield>
    <subfield code="9">42819</subfield>
  </datafield>
  <datafield tag="245" ind1=" " ind2=" ">
    <subfield code="a">&#x909;&#x92A;&#x928;&#x94D;&#x92F;&#x93E;&#x938; &#x935;&#x93F;&#x927;&#x93E; &#x914;&#x930; &#x935;&#x93F;&#x927;&#x93E;&#x928; /</subfield>
    <subfield code="c">&#x907;&#x928;&#x94D;&#x926;&#x941;&#x92A;&#x94D;&#x930;&#x915;&#x93E;&#x936; &#x92A;&#x93E;&#x923;&#x94D;&#x921;&#x947;&#x92F; </subfield>
  </datafield>
  <datafield tag="246" ind1=" " ind2=" ">
    <subfield code="a">Upanyas vidha or vidhan /</subfield>
    <subfield code="b">by Pandey Induprakash </subfield>
  </datafield>
  <datafield tag="260" ind1=" " ind2=" ">
    <subfield code="a">&#x928;&#x92F;&#x940; &#x926;&#x93F;&#x932;&#x94D;&#x932;&#x940; </subfield>
    <subfield code="b">&#x938;&#x93E;&#x939;&#x93F;&#x924;&#x94D;&#x92F; &#x92D;&#x93E;&#x930;&#x924;&#x940; </subfield>
    <subfield code="c">1996</subfield>
  </datafield>
  <datafield tag="270" ind1=" " ind2=" ">
    <subfield code="b">&#x928;&#x92F;&#x940; &#x926;&#x93F;&#x932;&#x94D;&#x932;&#x940; </subfield>
    <subfield code="a">&#x915;&#x947;-&#x96D;&#x967; &#x915;&#x943;&#x937;&#x94D;&#x923;&#x928;&#x917;&#x930; </subfield>
    <subfield code="e">110032</subfield>
  </datafield>
  <datafield tag="300" ind1=" " ind2=" ">
    <subfield code="a">332&#x92A;&#x943;.</subfield>
    <subfield code="c">19&#x938;&#x947;&#x92E;&#x940;(&#x938;&#x91C;&#x93F;&#x932;&#x94D;&#x926; ) </subfield>
  </datafield>
  <datafield tag="650" ind1=" " ind2=" ">
    <subfield code="a">&#x939;&#x93F;&#x902;&#x926;&#x940; &#x938;&#x93E;&#x939;&#x93F;&#x924;&#x94D;&#x92F; </subfield>
    <subfield code="x"> </subfield>
    <subfield code="9">105743</subfield>
  </datafield>
  <datafield tag="650" ind1=" " ind2=" ">
    <subfield code="a">&#x939;&#x93F;&#x902;&#x926;&#x940; &#x909;&#x92A;&#x92F;&#x93E;&#x938; </subfield>
    <subfield code="9">105744</subfield>
  </datafield>
  <datafield tag="650" ind1=" " ind2=" ">
    <subfield code="a">Hindi children's literature</subfield>
    <subfield code="9">105745</subfield>
  </datafield>
  <datafield tag="650" ind1=" " ind2=" ">
    <subfield code="a">Hindi fiction</subfield>
    <subfield code="9">27248</subfield>
  </datafield>
  <datafield tag="942" ind1=" " ind2=" ">
    <subfield code="2">ddc</subfield>
    <subfield code="c">HN</subfield>
    <subfield code="h">808.3</subfield>
    <subfield code="m">&#x92A;&#x93E;&#x923;&#x94D;&#x921;&#x947;&#x92F; </subfield>
  </datafield>
  <datafield tag="999" ind1=" " ind2=" ">
    <subfield code="c">112284</subfield>
    <subfield code="d">112284</subfield>
  </datafield>
  <datafield tag="952" ind1=" " ind2=" ">
    <subfield code="0">0</subfield>
    <subfield code="1">0</subfield>
    <subfield code="4">0</subfield>
    <subfield code="7">0</subfield>
    <subfield code="a">L</subfield>
    <subfield code="b">L</subfield>
    <subfield code="d">2015-08-07</subfield>
    <subfield code="e">Cen Lib/Ret</subfield>
    <subfield code="g">175.00</subfield>
    <subfield code="l">1</subfield>
    <subfield code="o">808.3 &#x92A;&#x93E;&#x923;&#x94D;&#x921;&#x947;&#x92F;</subfield>
    <subfield code="p">A-755415</subfield>
    <subfield code="r">2019-10-03 00:00:00</subfield>
    <subfield code="s">2019-09-19</subfield>
    <subfield code="t">1</subfield>
    <subfield code="v">175.00</subfield>
    <subfield code="w">2015-08-07</subfield>
    <subfield code="y">HN</subfield>
  </datafield>
</record>
